New York Knicks: Retired Numbers - Statistics

General Stats
  • This quiz has been taken 164 times
  • The average score is 5 of 9
Answer Stats
Number Player % Correct
33 Patrick Ewing
99%
10 Walt Frazier
91%
19 Willis Reed
86%
15 Earl Monroe
52%
22 Dave DeBusschere
46%
24 Bill Bradley
35%
12 Dick Barnett
28%
613 Red Holzman
22%
12 Dick McGuire
19%
No matching quizzes found
Score Distribution
Percent of People with Each Score
Percentile by Number Answered
Your Score History
You have not taken this quiz